Biznis marketing
Gespeichert in:
| 1. Verfasser: | |
|---|---|
| Weitere Verfasser: | , |
| Format: | Buch |
| Sprache: | Slowakisch |
| Veröffentlicht: |
Bratislava
GRADA
2023
|
| Ausgabe: | 1. vydanie |
| Schlagworte: | |
| Tags: |
Keine Tags, Fügen Sie das erste Tag hinzu!
|
MARC
| LEADER | 00000nam a2200000 4500 | ||
|---|---|---|---|
| 001 | 0298228 | ||
| 005 | 20241219134647.4 | ||
| 020 | |a 978-80-8090-682-5 | ||
| 041 | 0 | |a slo | |
| 044 | |a SK | ||
| 245 | 1 | 0 | |a Biznis marketing |c Milan Oreský ; recenzenti: Anna Vaňová, Pavol Konštiak |
| 250 | |a 1. vydanie | ||
| 264 | 1 | |a Bratislava |b GRADA |c 2023 | |
| 300 | |a 269 s. [17,12 AH] | ||
| 610 | 2 | 0 | |a marketing |
| 610 | 2 | 0 | |a marketing manažment |
| 610 | 2 | 0 | |a podnikanie |
| 610 | 2 | 0 | |a riadenie vzťahov so zákazníkmi |
| 610 | 2 | 0 | |a nákup |
| 610 | 2 | 0 | |a vzťahy medzipodnikové |
| 610 | 2 | 0 | |a trh |
| 610 | 2 | 0 | |a ponuka |
| 610 | 2 | 0 | |a stratégia marketingová |
| 610 | 2 | 0 | |a riadenie predaja |
| 610 | 2 | 0 | |a výkonnosť |
| 100 | 1 | |a Oreský, Milan, 1956- | |
| 700 | 1 | |a Vaňová, Anna | |
| 700 | 1 | |a Konštiak, Pavol | |